00662nam a2200217Ia 4500003000900000008004100009040001300050040001300063041000800076100002200084245005200106250000900158260002100167260000900188300000800197490001100205490000600216942000700222999001700229952019800246IT-RoPAU120407s9999 xx 000 0 und d aIT-RoPAU cIT-RoPAU aita aDomenico Bertetto aSacerdozio cattolico e sacramento dell’Ordine aAlba aEdizioni Paoline c1956 c cm aCat.II v1 cBK c23236d23236 00102ddc406208_30900000000000071aPAULUSbPAULUSd2012-04-11l0o208.309r2012-04-11 00:00:00w2012-04-11yBKzInserito da: Carla In data: 24 ottobre 2011 fondo: Via A.Severo 56 Progr:31550